[Event "CAN-ch U18"]
[Site "Windsor"]
[Date "2015.07.09"]
[Round "7.1"]
[White "Hunter, Harold"]
[Black "Song, Guannan Terry"]
[Result "0-1"]
[WhiteElo "1554"]
[BlackElo "2202"]
[PlyCount "48"]
[EventDate "2015.07.06"]
[EventType "tourn"]
[EventRounds "7"]
[EventCountry "CAN"]
[SourceTitle "EXT 2022"]
[Source "ChessBase"]
[SourceDate "2021.10.06"]
[SourceVersion "1"]
[SourceVersionDate "2021.10.06"]
[SourceQuality "1"]

1. e4 c5 2. Nf3 d6 3. Bb5+ Bd7 4. Bxd7+ Nxd7 5. 0-0 Ngf6 6. Qe2 Rc8 7. b3 g6 8. Bb2 Bg7 9. c4 e5 10. Nc3 Nf8 11. Nd5 Ne6 12. d3 0-0 13. g3 a6 14. a4 Nxd5 15. cxd5 Nd4 16. Nxd4 cxd4 17. f4 Qb6 18. Rfb1 Rfe8 19. a5 Qb5 20. Ba3 exf4 21. Bxd6 fxg3 22. Qf3 gxh2+ 23. Kxh2 f5 24. Rd1 Qxb3 0-1

[Event "CAN-ch U18"]
[Site "Windsor"]
[Date "2015.07.08"]
[Round "5.2"]
[White "Hunter, Harold"]
[Black "Kalra, Agastya"]
[Result "0-1"]
[WhiteElo "1554"]
[BlackElo "2081"]
[PlyCount "54"]
[EventDate "2015.07.06"]
[EventType "tourn"]
[EventRounds "7"]
[EventCountry "CAN"]
[SourceTitle "EXT 2022"]
[Source "ChessBase"]
[SourceDate "2021.10.06"]
[SourceVersion "1"]
[SourceVersionDate "2021.10.06"]
[SourceQuality "1"]

1. e4 c5 2. Nf3 d6 3. Bb5+ Bd7 4. Bxd7+ Nxd7 5. d4 cxd4 6. Nxd4 Ngf6 7. Nc3 g6 8. 0-0 Bg7 9. Be3 0-0 10. f4 a6 11. Nb3 b5 12. Qf3 Rc8 13. a3 Nb6 14. Rad1 Nc4 15. Bc1 Qb6+ 16. Kh1 Qc7 17. Ne2 Qb7 18. Ng3 Nd7 19. c3 Rc7 20. Qe2 Rfc8 21. Be3 Nxe3 22. Qxe3 Nb6 23. Qe2 Nc4 24. Nd4 a5 25. f5 b4 26. fxg6 hxg6 27. axb4 axb4 0-1

[Event "CAN-ch U16"]
[Site "Ottawa"]
[Date "2013.07.11"]
[Round "3"]
[White "Hunter, Harold"]
[Black "Fu, James"]
[Result "0-1"]
[WhiteElo "1235"]
[BlackElo "2257"]
[PlyCount "93"]
[EventDate "2013.07.10"]
[EventType "swiss"]
[EventRounds "6"]
[EventCountry "CAN"]
[SourceTitle "EXT 2022"]
[Source "ChessBase"]
[SourceDate "2021.10.06"]
[SourceVersion "1"]
[SourceVersionDate "2021.10.06"]
[SourceQuality "1"]

1. d4 Nf6 2. c4 e6 3. Nc3 d5 4. e3 c5 5. Bd3 Nc6 6. cxd5 exd5 7. Nf3 Bg4 8. h3 Bxf3 9. Qxf3 cxd4 10. exd4 Nxd4 11. Qe3+ Ne6 12. Bb5+ Nd7 13. Nxd5 Bc5 14. Qg3 a6 15. Ba4 Qa5+ 16. Nc3 b5 17. Bb3 0-0 18. 0-0 Kh8 19. Ne4 Nd4 20. Kh1 Be7 21. Be3 Nxb3 22. axb3 Qb4 23. Nc3 Nf6 24. Ne2 Qxb3 25. Nd4 Qd5 26. Rad1 Rfd8 27. Ne2 Qc4 28. Nd4 Rd5 29. Qf3 Rad8 30. Nf5 Bf8 31. Rfe1 Qc2 32. Rxd5 Rxd5 33. Nh6 Qg6 34. Ng4 Qe4 35. Nxf6 Qxf3 36. gxf3 gxf6 37. Kg2 Bb4 38. Rc1 Kg7 39. f4 a5 40. Rc6 a4 41. Kf3 f5 42. Ke2 h6 43. h4 h5 44. Ra6 Be7 45. Rc6 Bxh4 46. Rc1 Bf6 47. Rc2 0-1

[Event "CAN-ch U16"]
[Site "Ottawa"]
[Date "2013.07.11"]
[Round "4"]
[White "Hunter, Harold"]
[Black "Muntaner, Daniel"]
[Result "1/2-1/2"]
[WhiteElo "1235"]
[BlackElo "1310"]
[PlyCount "47"]
[EventDate "2013.07.10"]
[EventType "swiss"]
[EventRounds "6"]
[EventCountry "CAN"]
[SourceTitle "EXT 2022"]
[Source "ChessBase"]
[SourceDate "2021.10.06"]
[SourceVersion "1"]
[SourceVersionDate "2021.10.06"]
[SourceQuality "1"]

1. e4 e5 2. Nf3 Nc6 3. Bb5 a6 4. Ba4 Nf6 5. 0-0 b5 6. Bb3 Bc5 7. c3 d6 8. d4 exd4 9. cxd4 Bb6 10. h3 h6 11. a3 0-0 12. Re1 Re8 13. a4 Bb7 14. d5 Na5 15. Bc2 c6 16. b4 Nc4 17. a5 Ba7 18. dxc6 Bxc6 19. Nc3 Ne5 20. Nxe5 dxe5 21. Be3 Bxe3 22. fxe3 Qxd1 23. Raxd1 Rad8 24. Kf2 1/2-1/2

[Event "CAN-ch U14"]
[Site "Vancouver"]
[Date "2012.07.05"]
[Round "7"]
[White "Hunter, Harold"]
[Black "Hewson, Scott"]
[Result "1-0"]
[WhiteElo "1154"]
[BlackElo "825"]
[PlyCount "119"]
[EventDate "2012.07.03"]
[EventType "swiss"]
[EventRounds "7"]
[EventCountry "CAN"]
[SourceTitle "EXT 2022"]
[Source "ChessBase"]
[SourceDate "2021.10.06"]
[SourceVersion "1"]
[SourceVersionDate "2021.10.06"]
[SourceQuality "1"]

1. Nf3 Nc6 2. d4 e6 3. a3 Qf6 4. Nc3 e5 5. Be3 Qf5 6. Nd5 Bd6 7. h3 exd4 8. Bxd4 Qxd5 9. Bxg7 Qxd1+ 10. Rxd1 Bc5 11. e3 Bb6 12. Bxh8 Ba5+ 13. c3 Nge7 14. g4 Ng6 15. Bf6 d6 16. Ng5 Nce5 17. Bxe5 Nxe5 18. f4 Ng6 19. Nf3 Be6 20. Bg2 Bb3 21. Rd2 Bb6 22. Nd4 Nh4 23. Nxb3 Nxg2+ 24. Rxg2 Bxe3 25. Rf1 Bb6 26. Re2+ Kd8 27. f5 Kd7 28. a4 a5 29. Nd4 f6 30. Rd2 Bc5 31. Ne6 Bb6 32. g5 fxg5 33. Nxg5 h6 34. Nh7 Rh8 35. f6 Rxh7 36. f7 Rxf7 37. Rxf7+ Ke6 38. Rh7 d5 39. Rxh6+ Ke5 40. Re2+ Kf5 41. Rxb6 cxb6 42. Kf1 b5 43. axb5 a4 44. h4 Kg4 45. Rf2 Kxh4 46. Rg2 Kh3 47. Rg8 a3 48. bxa3 Kh4 49. Ke2 Kh5 50. Kd3 Kh6 51. Kd4 Kh7 52. Rg1 b6 53. Kxd5 Kh6 54. Kc6 Kh5 55. Kxb6 Kh4 56. Kc5 Kh3 57. b6 Kh2 58. Rg8 Kh3 59. b7 Kh4 60. b8Q 1-0

[Event "CAN-ch U14"]
[Site "Vancouver"]
[Date "2012.07.05"]
[Round "6"]
[White "Zhang, Yutong"]
[Black "Hunter, Harold"]
[Result "1-0"]
[WhiteElo "1843"]
[BlackElo "1154"]
[PlyCount "97"]
[EventDate "2012.07.03"]
[EventType "swiss"]
[EventRounds "7"]
[EventCountry "CAN"]
[SourceTitle "EXT 2022"]
[Source "ChessBase"]
[SourceDate "2021.10.06"]
[SourceVersion "1"]
[SourceVersionDate "2021.10.06"]
[SourceQuality "1"]

1. e4 d5 2. exd5 Qxd5 3. Nc3 Qe5+ 4. Qe2 Qxe2+ 5. Bxe2 Be6 6. Nf3 Bg4 7. h3 Bxf3 8. Bxf3 c6 9. Nb5 Na6 10. Na3 Rc8 11. c3 e6 12. Nc2 Nf6 13. 0-0 Bd6 14. d4 h6 15. Re1 Nc7 16. Ne3 0-0 17. Nc4 Nb5 18. a4 Rfe8 19. axb5 Bb8 20. bxc6 bxc6 21. Ne3 h5 22. Nc2 e5 23. dxe5 Kh8 24. exf6 g6 25. Rxe8+ Rxe8 26. Ne3 Kh7 27. Bxc6 Re6 28. Bf3 Kh6 29. Nd5+ Kh7 30. Be3 Kh8 31. g3 Kg8 32. Bxa7 Bd6 33. Ne7+ Kh7 34. Bd4 Kh6 35. h4 Kh7 36. Ra8 Be5 37. Bxe5 Rxe5 38. Ra6 Re1+ 39. Kg2 Rb1 40. b4 Rb3 41. Nd5 Kh6 42. Ra7 g5 43. hxg5+ Kxg5 44. Rxf7 Kf5 45. Rg7 Rb2 46. f7 Rxf2+ 47. Kxf2 Ke5 48. f8Q h4 49. Qf6# 1-0

[Event "CAN-ch U14"]
[Site "Vancouver"]
[Date "2012.07.04"]
[Round "5"]
[White "Hunter, Harold"]
[Black "Macivor, Mac"]
[Result "1-0"]
[WhiteElo "1154"]
[BlackElo "870"]
[PlyCount "181"]
[EventDate "2012.07.03"]
[EventType "swiss"]
[EventRounds "7"]
[EventCountry "CAN"]
[SourceTitle "EXT 2022"]
[Source "ChessBase"]
[SourceDate "2021.10.06"]
[SourceVersion "1"]
[SourceVersionDate "2021.10.06"]
[SourceQuality "1"]

1. d4 d5 2. Nc3 e6 3. a3 Nc6 4. Nf3 Nf6 5. Bg5 h6 6. Bf4 Bd6 7. Bxd6 cxd6 8. e3 e5 9. Bb5 exd4 10. exd4 Qe7+ 11. Qe2 Qxe2+ 12. Nxe2 Bd7 13. b4 Nb8 14. a4 Bxb5 15. axb5 a6 16. 0-0 0-0 17. Nd2 Re8 18. Rfe1 Nh5 19. Nf3 Rc8 20. c3 Nd7 21. Nd2 Ndf6 22. f3 g5 23. g4 Nf4 24. Nxf4 gxf4 25. h4 axb5 26. Rxa8 Rxa8 27. Kh1 Ra2 28. Nb1 Rf2 29. g5 hxg5 30. hxg5 Nh5 31. Kg1 Rxf3 32. Kg2 Rg3+ 33. Kf2 f6 34. gxf6 Nxf6 35. Nd2 Ng4+ 36. Kf1 Nh2+ 37. Kf2 Ng4+ 38. Kf1 Ne3+ 39. Ke2 Rg2+ 40. Kd3 Rf2 41. Rg1+ Kf7 42. Re1 b6 43. Rg1 Ng2 44. Rf1 Rxf1 45. Nxf1 f3 46. Nh2 f2 47. Ke2 f1Q+ 48. Kxf1 Ne3+ 49. Ke2 Nc4 50. Kd3 Ke7 51. Nf3 Kd7 52. Nd2 Nb2+ 53. Kc2 Na4 54. Kb3 Kc6 55. Nf3 Nc5+ 56. dxc5 bxc5 57. Nd2 d4 58. cxd4 cxd4 59. Nf3 Kd5 60. Nd2 Ke5 61. Kc2 Kf4 62. Kd3 Ke5 63. Nf3+ Kd5 64. Nxd4 Ke5 65. Nxb5 Kd5 66. Kc3 Kc6 67. Nd4+ Kd5 68. b5 Kc5 69. Kd3 d5 70. Kc3 Kb6 71. Kb4 Kc7 72. Kc5 Kb7 73. Kxd5 Kb6 74. Kc4 Ka5 75. Nc6+ Kb6 76. Ne5 Ka5 77. Kc5 Ka4 78. Nc4 Kb3 79. b6 Kc3 80. b7 Kd3 81. b8Q Ke4 82. Qe5+ Kd3 83. Qd4+ Ke2 84. Qe3+ Kf1 85. Nd2+ Kg2 86. Qf3+ Kg1 87. Qf1+ Kh2 88. Qf2+ Kh3 89. Qg1 Kh4 90. Nf3+ Kh5 91. Qg5# 1-0